| 000 | 02282nam a2200421 i 4500 | ||
|---|---|---|---|
| 001 | ebr10846262 | ||
| 003 | CaPaEBR | ||
| 006 | m o d | ||
| 007 | cr cn||||||||| | ||
| 008 | 140321t20142014sz a ob 001 0 eng d | ||
| 020 | _z9783038350132 | ||
| 020 | _a9783038263944 (e-book) | ||
| 040 |
_aCaPaEBR _beng _erda _epn _cCaPaEBR |
||
| 035 | _a(OCoLC)878139687 | ||
| 050 | 1 | 4 |
_aTK7801 _b.C667 2014eb |
| 082 | 0 | 4 |
_a621.381 _223 |
| 245 | 0 | 0 |
_aComponents, packaging and manufacturing technology II : _bselected, peer reviewed papers from the 2013 3rd International Conference on Packaging and Manufacturing Technology (ICCPMT 2013), December 31, 2013 - January 2, 2014, Brisbane Australia / _cedited by Andy Wu. |
| 264 | 1 |
_aZurich, Switzerland : _bTTP, _c2014. |
|
| 264 | 4 | _c�2014 | |
| 300 |
_a1 online resource (245 pages) : _billustrations. |
||
| 336 |
_atext _2rdacontent |
||
| 337 |
_acomputer _2rdamedia |
||
| 338 |
_aonline resource _2rdacarrier |
||
| 490 | 1 |
_aApplied Mechanics and Materials, _x1662-7482 ; _vVolume 509 |
|
| 504 | _aIncludes bibliographical references and indexes. | ||
| 588 | _aDescription based on online resource; title from PDF title page (ebrary, viewed March 21, 2014). | ||
| 590 | _aElectronic reproduction. Palo Alto, Calif. : ebrary, 2014. Available via World Wide Web. Access may be limited to ebrary affiliated libraries. | ||
| 650 | 0 |
_aElectronic apparatus and appliances _vCongresses. |
|
| 650 | 0 |
_aElectronic packaging _vCongresses. |
|
| 650 | 0 |
_aMicroelectronic packaging _vCongresses. |
|
| 650 | 0 |
_aManufacturing processes _vCongresses. |
|
| 655 | 0 | _aElectronic books. | |
| 700 | 1 |
_aWu, Andy, _eeditor. |
|
| 776 | 0 | 8 |
_iPrint version: _tComponents, packaging and manufacturing technology II : selected, peer reviewed papers from the 2013 3rd International Conference on Packaging and Manufacturing Technology (ICCPMT 2013), December 31, 2013 - January 2, 2014, Brisbane Australia. _dZurich, Switzerland : TTP, c2014 _h241 pages _kApplied mechanics and materials ; Volume 509. _x1662-7482 _z9783038350132 |
| 797 | 2 | _aebrary. | |
| 830 | 0 |
_aApplied mechanics and materials ; _vVolume 509. |
|
| 856 | 4 | 0 |
_uhttp://site.ebrary.com/lib/rucke/Doc?id=10846262 _zAn electronic book accessible through the World Wide Web; click to view |
| 999 |
_c99965 _d99965 |
||